000 00274nam a22001097a 4500
008 230619b xxu||||| |||| 00| 0 eng d
082 _a016.30
_bLIK
100 _cMuthoni Likimani
245 _aWomen of Kenya
_bFifteen years of independence
300 _a76p
942 _2ddc
_cBK
999 _c1152
_d1152